00841nab a22001937a 4500003000400000005001700004008004100021022001300062040000700075100002900082245012600111260001000237300001100247500003400258505012900292505008900421650001800510773011900528OSt20210609092550.0190502c xxu||||| |||| 00| 0 spa d 218510353 cPJ aGarcía, Víctor Hugo 10aDerecho penal y legado autoritario :buna aproximación desde los aportes de Daniel Hellinger /cVíctor Hugo García. c2021. ap. 3-9 aCita: LALEY AR/DOC/1021/2021. aSumario: I. Introducción.— II. Contexto histórico.— III. Literatura empleada.— IV. Análisis.— V. Conclusión. t¿Te interesa el texto completo? Solicitalo al correo: koha@justierradelfuego.gov.ar 0aDERECHO PENAL0 02729dBuenos Aires : LexisNexis, 2006-tRevista de derecho penal y procesal penal. Nº 6 - Junio 2021z9875920622